Comprehensive Manual of Community Medicine Practical/ (Record no. 229)

MARC details
000 -LEADER
Fixed length control field 00698nam a2200217Ia 4500
003 - CONTROL NUMBER IDENTIFIER
Control field IIN
005 - DATE AND TIME OF LATEST TRANSACTION
Control field 20250521131039.0
008 - FIXED-LENGTH DATA ELEMENTS--GENERAL INFORMATION
Fixed length control field 231217s2019 xx ad 000 0 eng d
020 ## - INTERNATIONAL STANDARD BOOK NUMBER / ISBN
Price Rs.295.00
International Standard Book Number 9788194075622
040 ## - CATALOGING SOURCE
Original cataloging agency IIN
Language of cataloging English
082 ## - DEWEY DECIMAL CLASSIFICATION NUMBER
Classification number 362.10425
Book Number SAH
100 1# - MAIN ENTRY--PERSONAL NAME
Personal name Saha, Tushar Kanti
245 1# - TITLE STATEMENT
Title Comprehensive Manual of Community Medicine Practical/
Statement of responsibility Tushar Kanti Saha, Sharmistha Bhattacherjee and Abhijit Mukherjee
260 ## - IMPRINT
Place of publication New Delhi
Name of publisher Taurean
Date of publication 2019
300 ## - PHYSICAL DESCRIPTION
Page / Vol. No 192 p.
Other physical details ill.
650 1# - SUBJECT ADDED ENTRY--TOPICAL TERM
Topical term Community Health Nursing
Form subdivision Manual
650 1# - SUBJECT ADDED ENTRY--TOPICAL TERM
Topical term Community health services
Form subdivision Medicine
700 1# - ADDED ENTRY--PERSONAL NAME
Personal name Bhattacherjee , Sharmistha
700 1# - ADDED ENTRY--PERSONAL NAME
Personal name Mukherjee, Abhijit
942 ## - ADDED ENTRY ELEMENTS (KOHA)
Koha item type Books
Holdings
Withdrawn status Lost status Source of classification Damaged status Not for loan Collection code Home library Current library Shelving location Date acquired Price Total Checkouts Call number Accession number Date last seen Copy number Price effective from Koha item type
    Dewey Decimal Classification       IDEAL INSTITUTE OF NURSING IDEAL INSTITUTE OF NURSING General Stacks 17/12/2023 295.00   362.10425 SAH 224 17/12/2023 1 17/12/2023 Books
    Dewey Decimal Classification       IDEAL INSTITUTE OF NURSING IDEAL INSTITUTE OF NURSING General Stacks 17/12/2023 295.00   362.10425 SAH 225 17/12/2023 2 17/12/2023 Books
    Dewey Decimal Classification       IDEAL INSTITUTE OF NURSING IDEAL INSTITUTE OF NURSING General Stacks 11/03/2025 295.00   362.10425 SAH 2057 21/05/2025 3 17/12/2023 Books
© Ideal Institute Of Nursing, All rights reserved.         Powered by Koha